Mikrobiální kontaminace ovzduší v okolí střediska pro výkrm prasat

Bibliographic Details
Main Authors: Novák, P. (Author), Hojovec, Jiří, 1926- (Author), Fišer, Antonín, 1934- (Author)
Format: Article
Language:Czech
Slovak
PhysicalDescription:Obr. 2. Tb. 1., lit. 1. zázn. v češ.
Subjects:

MARC

LEADER 00000nab a2200000 a 4500
001 vtls000412414
003 SK-MaSNL
005 20260417110407.0
008 220422c1988 xo 0 cze
015 |a SNBRA19rr/mm-uuuuu 
035 |a CL0412539 
040 |a SNKBUCL  |b slo  |c SNKBUCL  |e AACR2 
041 0 |a slo 
044 |a xo  |c SK 
080 |a 614.94:631.22:614.71  |2 1981 
080 |a 631.22  |2 1981 
080 |a 614.71  |2 1981 
080 |a 636.4.083.1  |2 1981 
080 |a 614.94.614.71  |2 1981 
100 1 |a Novák, P.  |4 aut  |9 279950 
245 1 0 |a Mikrobiální kontaminace ovzduší v okolí střediska pro výkrm prasat  |c P. Novák, J. Hojovec, A. Fišer 
300 |b Obr. 2. Tb. 1., lit. 1. zázn. v češ. 
650 0 7 |a ošipárne  |2 snkbucl  |9 931503 
650 0 7 |a atmosféra  |2 snkbucl  |9 3639 
650 0 7 |a kontaminácia mikrobiálna  |2 snkbucl  |9 969408 
655 7 |a články zo zborníkov  |2 snkbucl  |9 166140 
700 1 |a Hojovec, Jiří,  |d 1926-  |4 aut  |9 1637177 
700 1 |a Fišer, Antonín,  |d 1934-  |4 aut  |9 133823 
773 0 |t Bioklimatické aspekty optimalizácie prostredia  |d Bratislava : Slov. bioklimatologická spoločnosť pri SAV, 1988  |g S. 184-189 
850 |a Slovenská národná knižnica v Martine  |a MTA001 
852 |a SNK  |b KIS3GCP 
958 |a RK 
958 |a ME 
992 |a RZB 
999 |c 1550149  |d 1552079